| 000 | 00613nam a22001937a 4500 | ||
|---|---|---|---|
| 008 | 220822b |||||||| |||| 00| 0 eng d | ||
| 020 | _a1416624974 | ||
| 050 |
_aLB2805 _bD73 2018 |
||
| 100 | _aDrago-Severson, Eleanor | ||
| 245 |
_aLeading change together: _bdeveloping educator capacity within schools and systems/ _cEleanor Drago-Severson |
||
| 260 |
_aAscd _bAlexandria _c2018 |
||
| 300 | _a167p. | ||
| 650 | _aEducational leadership | ||
| 650 | _aSchool improvement programs | ||
| 650 | _aEducational change | ||
| 650 |
_aAdulthood _vEducation |
||
| 700 | _aBlum-Destefano, Jessica | ||
| 942 |
_2lcc _cBK |
||
| 999 |
_c19451 _d19450 |
||